Physiology (Record no. 2776)

MARC details
000 -LEADER
fixed length control field 00501nam a22002057a 4500
003 - CONTROL NUMBER IDENTIFIER
control field OSt
005 - DATE AND TIME OF LATEST TRANSACTION
control field 20161012141106.0
008 - FIXED-LENGTH DATA ELEMENTS--GENERAL INFORMATION
fixed length control field 151202b xxu||||| |||| 00| 0 eng d
020 ## - INTERNATIONAL STANDARD BOOK NUMBER
International Standard Book Number 9781416023203
040 ## - CATALOGING SOURCE
Transcribing agency DNLM
082 ## - DEWEY DECIMAL CLASSIFICATION NUMBER
Classification number QT4 C822p 2006
100 ## - MAIN ENTRY--PERSONAL NAME
Personal name Costanzo, Linda S.
9 (RLIN) 1181
245 ## - TITLE STATEMENT
Title Physiology
250 ## - EDITION STATEMENT
Edition statement 3rd ed.
260 ## - PUBLICATION, DISTRIBUTION, ETC. (IMPRINT)
Place of publication, distribution, etc. Philadephia;
Name of publisher, distributor, etc. Saunders,
Date of publication, distribution, etc. 2006
300 ## - PHYSICAL DESCRIPTION
Extent viii,311p; col.ill: 29cm
504 ## - BIBLIOGRAPHY, ETC. NOTE
Bibliography, etc Index included
650 ## - SUBJECT ADDED ENTRY--TOPICAL TERM
Topical term or geographic name as entry element Physiology
9 (RLIN) 215
942 ## - ADDED ENTRY ELEMENTS (KOHA)
Source of classification or shelving scheme Other/Generic Classification Scheme
Koha item type Book Bank
Holdings
Withdrawn status Lost status Source of classification or shelving scheme Damaged status Not for loan Home library Current library Date acquired Source of acquisition Inventory number Total Checkouts Full call number Barcode Date last seen Koha item type Public note
    Other/Generic Classification Scheme     MUST Main Library MUST Main Library 02/12/2015   11/33822   QT4 C822p 2006 2015-2884 02/12/2015 Open Shelf No borrowing